000 00905cab a2200265 4500
001 WB2627-02
008 090401t1990 xxu||||| |||| 00| 0 eng d
035 _a(Sirsi) u9353
041 _aeng
245 _aConstruction industry slow to green
260 _c1990
350 _a0
490 _aBuilding
_vDesign no 993 6/7/90 p10
520 _aA report from The Economist Intelligence Unit criticises manufacturers of building materials and construction companies for being slow to adopt "green" policies.
650 _aBUILT ENVIRONMENT-BUILDING ELEMENTS-COMPLETE BUILDING SERVICES ELEMENTS-COMPLETE HEATING, VENTILATION AND AIR CONDITIONING SYSTEMS
650 _aCFCS
650 _aCONSTRUCTION INDUSTRY
650 _aEnvironment
_96238
650 _aGREEN ISSUES
650 _aHARDWOOD
650 _aTIMBER TREATMENTS
690 _aBUILT ENVIRONMENT
942 _n0
948 _c04/03/1997
999 _c5829
_d5829